000 00640cam a2200217 a 4500
001 000008422
005 20200929161336.0
008 930414s1992 sp 000 1 spa d
020 _a8432206741
040 _aDO-SdBNP
_cMiU
_dAzU
_dNN
_dDLC
082 _a863.44
_bS211p
100 1 _aSánchez Ostiz, Miguel.
_922695
245 1 4 _aLas piranas /
_cMiguel Sánchez Ostiz.
260 _aBarcelona :
_bSeix Barral,
_c1992.
300 _a435 p. ;
_c21 cm.
490 1 _aBiblioteca breve
650 4 _aNovela española
_91123
650 4 _aLiteratura española
_9632
830 0 _aBiblioteca breve
_913442
910 _aCatalogación por copia / LC
999 _c8193
_d8193